Praktická príručka pre bezpečnostných technikov

Guardado en:
Detalles Bibliográficos
Formato: Seriadas
Publicado: 2006
Etiquetas: Agregar Etiqueta
Sin Etiquetas, Sea el primero en etiquetar este registro!

MARC

LEADER 00000nas a22000003a 4500
001 stu128858
005 20141122154610.0
008 061027s2006----------------------------d
040 |a STU  |b slo 
041 0
245 |a Praktická príručka pre bezpečnostných technikov 
260 |c 2006 
773 0 |t Praktická príručka pre bezpečnostných technikov :  |w stu_us_cat*stu114082  |x 1336-7668  |7 nnas 
996 |b 284M074468  |c M*CD-928  |d október 2006, 2006  |v október 2006  |y 2006  |l MMKN  |s A  |a 24  |w stu128858_0001